Loading...
ഭാഷാശാസ്ത്രം: സിദ്ധാന്തവും പ്രയോഗവും
| Main Author: | |
|---|---|
| Other Authors: | |
| Format: | Printed Book |
| Published: |
Thiruvananthapuram:
Kerala Bhasha Institute,
2008
|
| Subjects: |
| LEADER | 00606nam a22001337a 4500 | ||
|---|---|---|---|
| 100 | |a ആൻഡ്രൂസ് കുട്ടി എ. പി. | ||
| 245 | |a ഭാഷാശാസ്ത്രം: സിദ്ധാന്തവും പ്രയോഗവും | ||
| 260 | |a Thiruvananthapuram: |b Kerala Bhasha Institute, |c 2008 | ||
| 300 | |a 128p. | ||
| 650 | |a Bhashasathram: Sidhanthavum prayogavum |a Malayalam language | ||
| 700 | |a Andrews kutty, A. P. | ||
| 942 | |c BK | ||
| 999 | |c 37145 |d 37145 | ||
| 952 | |0 0 |1 0 |4 0 |7 0 |8 Stack |9 39342 |a KUCL |b KUCL |c Stack |d 2015-12-30 |l 5 |m 1 |p 34597 |q 2021-01-07 |r 2020-12-07 |s 2020-12-07 |w 2015-12-30 |y BK | ||